Movies Quiz

Random Movies Quiz

High School Movies by Image Quiz Stats

Quiz Updated Oct 3, 2012

Also try: High School Movies
Challenge
Share
Tweet
Score 0/25 Timer 05:00
6 Plays Today
% Correct
Grease
93.5%
Mean Girls
92.6%
Back to the Future
87%
The Breakfast Club
85.1%
American Pie
83%
Napoleon Dynamite
79.2%
Clueless
75.3%
Bring It On
70.3%
Easy A
69.5%
Ferris Bueller's Day Off
66.9%
Pretty in Pink
62.2%
Carrie
62.1%
Superbad
62%
% Correct
Dead Poets Society
52%
Say Anything
49.7%
Fast Times at Ridgemont High
47.4%
Rebel Without a Cause
45.7%
Cruel Intentions
43.5%
Dazed and Confused
41.3%
Election
37.9%
Heathers
33.8%
Donnie Darko
28.5%
Can't Hardly Wait
20.9%
Empire Records
19.4%
To Sir, with Love
16.1%

You're not logged in!

Compare scores with friends on all Sporcle quizzes.
Join for Free
OR
Log In

You Might Also Like...

Show Comments

Extras

Top Quizzes Today


Score Distribution

Your Account Isn't Verified!

In order to create a playlist on Sporcle, you need to verify the email address you used during registration. Go to your Sporcle Settings to finish the process.

Report this User

Report this user for behavior that violates our Community Guidelines.

Details: